<?xml version="1.0" encoding="UTF-8"?>
<record
    xmlns:xsi="http://www.w3.org/2001/XMLSchema-instance"
    xsi:schemaLocation="http://www.loc.gov/MARC21/slim http://www.loc.gov/standards/marcxml/schema/MARC21slim.xsd"
    xmlns="http://www.loc.gov/MARC21/slim">

  <leader>01510ntm a2200217 a 4500</leader>
  <controlfield tag="008">170302t2016    ag ||||g |||| 001 0 spa d</controlfield>
  <datafield tag="020" ind1=" " ind2=" ">
    <subfield code="a">9789507742903</subfield>
  </datafield>
  <datafield tag="041" ind1=" " ind2=" ">
    <subfield code="a">spa</subfield>
  </datafield>
  <datafield tag="092" ind1=" " ind2=" ">
    <subfield code="c">861</subfield>
    <subfield code="l">91</subfield>
    <subfield code="s">VAZ</subfield>
  </datafield>
  <datafield tag="100" ind1="1" ind2=" ">
    <subfield code="a">V&#xE1;zquez, Abelardo</subfield>
    <subfield code="9">3479</subfield>
  </datafield>
  <datafield tag="245" ind1=" " ind2=" ">
    <subfield code="a">Oto&#xF1;o en Bermejo /</subfield>
    <subfield code="c">Abelardo V&#xE1;zquez</subfield>
  </datafield>
  <datafield tag="250" ind1=" " ind2=" ">
    <subfield code="a">1a ed.</subfield>
  </datafield>
  <datafield tag="260" ind1=" " ind2=" ">
    <subfield code="a">Mendoza:</subfield>
    <subfield code="b">Universidad Nacional de Cuyo;</subfield>
    <subfield code="c">2016.</subfield>
  </datafield>
  <datafield tag="300" ind1=" " ind2=" ">
    <subfield code="a">90 p.</subfield>
    <subfield code="c">21x14 cm.</subfield>
  </datafield>
  <datafield tag="500" ind1=" " ind2=" ">
    <subfield code="a">V&#xE1;zquez, A. y Gauna Orpianesi, M. L. (2016). Oto&#xF1;o en Bermejo. (1a ed.). Mendoza : Universidad Nacional de Cuyo.</subfield>
  </datafield>
  <datafield tag="505" ind1=" " ind2=" ">
    <subfield code="a">"Generoso y abierto a todo lo que enriqueciera su sensibilidad, jam&#xE1;s incurri&#xF3; en el sectarismo ideol&#xF3;gico y mucho menos en el cierre a otras actitudes literarias (...) De sus lecturas y viajes a Chile, por ejemplo, trajo la admiraci&#xF3;n por Pablo Neruda y Juvencio Valle, del mismo modo como (...) mereci&#xF3; la amistad fraternal de Miguel &#xC1;ngel Asturias. A trav&#xE9;s de la relaci&#xF3;n con escritores como Julio Cort&#xE1;zar, Daniel Devoto y Juan Rodolfo Wilcok, a quienes conoci&#xF3; cuando vivieron en Mendoza, su personalidad y su obra alcanzaron el reconocimiento nacional (...) Los valores literarios tuvieron para V&#xE1;zquez un predominio absoluto y la desilusi&#xF3;n y el escepticismo que le trajeron los &#xF1;os, se manifest&#xF3; por un ir&#xF3;nico desd&#xE9;n de todo lo que no fuera aut&#xE9;ntico en el orden literario"</subfield>
  </datafield>
  <datafield tag="590" ind1=" " ind2=" ">
    <subfield code="a">Donacion Maria Vitarelli, diciembre 2017</subfield>
  </datafield>
  <datafield tag="655" ind1=" " ind2=" ">
    <subfield code="a">Poesia</subfield>
    <subfield code="9">2929</subfield>
  </datafield>
  <datafield tag="700" ind1="1" ind2=" ">
    <subfield code="a">Gauna Orpianesi, Maria Lorena</subfield>
    <subfield code="9">3480</subfield>
  </datafield>
  <datafield tag="942" ind1=" " ind2=" ">
    <subfield code="2">ddc</subfield>
    <subfield code="c">BK</subfield>
  </datafield>
  <datafield tag="999" ind1=" " ind2=" ">
    <subfield code="c">2634</subfield>
    <subfield code="d">2634</subfield>
  </datafield>
  <datafield tag="952" ind1=" " ind2=" ">
    <subfield code="0">0</subfield>
    <subfield code="1">0</subfield>
    <subfield code="2">ddc</subfield>
    <subfield code="4">0</subfield>
    <subfield code="7">0</subfield>
    <subfield code="a">BFM</subfield>
    <subfield code="b">BFM</subfield>
    <subfield code="c">CR</subfield>
    <subfield code="d">2018-02-06</subfield>
    <subfield code="e">Donaci&#xF3;n Maria Vitarelli, diciembre 2017</subfield>
    <subfield code="l">0</subfield>
    <subfield code="o">861 91 VAZ</subfield>
    <subfield code="p">4136</subfield>
    <subfield code="r">2018-02-06</subfield>
    <subfield code="t">Ej. 1</subfield>
    <subfield code="w">2018-02-06</subfield>
    <subfield code="y">LIT</subfield>
    <subfield code="z">Proyecto 4to libro. Donaci&#xF3;n Maria Vitarelli, diciembre 2017</subfield>
  </datafield>
</record>
